000 00771nam a2200181Ia 4500
008 151202s9999||||xx |||||||||||||| ||und||
082 _bPNVM-47853
100 _aकेळकर रामगोविंंद: दासराम.
245 _aअभंगाची गाथा अर्थात अमृतवाणी.
260 _bलेखक.
260 _c1902
300 _a314
600 _aकेळकर रामगोविंंद: दासराम.
630 _aअभंगाची गाथा अर्थात अमृतवाणी.
700 _aकेळकर रामगोविंंद: दासराम.
730 _aअभंगाची गाथा अर्थात अमृतवाणी.
942 _cBOOK
999 _c1313802
_d1313799